Mario Kart 8 Tracks - Map Quiz - Statistics

General Stats
  • This quiz has been taken 135 times
  • The average score is 48 of 96
Answer Stats
Picture Answer % Correct
Mario Circuit
80%
Yoshi Circuit
78%
Excitebike Arena
76%
Baby Park
75%
Mario Circuit
73%
Mushroom Gorge
71%
Rainbow Road
71%
Toad's Turnpike
71%
Yoshi Valley
69%
DK Summit/DK's Snowboard Cross
67%
Peach Gardens
67%
Rainbow Road
67%
Tick-Tock Clock
65%
Dry Dry Desert
63%
DK Mountain
61%
Kalimari Desert
59%
Mario Circuit 3
59%
Rainbow Road
59%
Waluigi Pinball
59%
Moo Moo Meadows
57%
Mount Wario
57%
Music Park/Melody Motorway
57%
Big Blue
55%
Bowser Castle 3
55%
Daisy Circuit
55%
Daisy Cruiser
55%
Paris Promenade
55%
Sky Garden
55%
Sky-High Sundae
55%
Cheese Land
53%
Electrodrome
53%
Wario Stadium
53%
Coconut Mall
51%
Maple Treeway
51%
Tokyo Blur
51%
Water Park
51%
Boo Lake
49%
Ice Ice Outpost
49%
Mario Kart Stadium
49%
Moonview Highway
49%
Ninja Hideaway
49%
Rome Avanti
49%
Super Bell Subway
49%
Toad Harbor
49%
Athens Dash
47%
Cloudtop Cruise
47%
Grumble Volcano
47%
London Loop
47%
Los Angeles Laps
47%
Madrid Drive
47%
Rainbow Road
47%
Royal Raceway
47%
Singapore Speedway
47%
Squeaky Clean Sprint
47%
Sunset Wilds
47%
Sweet Sweet Canyon
47%
Sydney Sprint
47%
Mute City
45%
Rainbow Road
45%
Sunshine Airport
45%
Toad Circuit
45%
Bangkok Rush
43%
Berlin Byways
43%
Bone-Dry Dunes
43%
DK Jungle
43%
Mario Circuit
43%
Ribbon Road
43%
Thwomp Ruins
43%
Vancouver Velocity
43%
Waluigi Stadium
43%
Bowser's Castle
41%
Choco Mountain
41%
Dolphin Shoals
41%
Donut Plains 3
41%
Dragon Driftway
41%
Merry Mountain
41%
New York Minute
41%
Shy Guy Falls
41%
Riverside Park
39%
Rosalina’s Ice World
39%
Snow Land
39%
Yoshi's Island
39%
Amsterdam Drift
37%
Animal Crossing
37%
Hyrule Circuit
37%
Koopa Cape
37%
Rock Rock Mountain/Alpine Pass
37%
Sherbet Land
37%
Shroom Ridge
37%
Twisted Mansion
37%
Piranha Plant Cove
35%
Cheep Cheep Beach
33%
Neo Bowser City/Koopa City
33%
Piranha Plant Slide/Piranha Plant Pipeway
33%
Wario's Gold Mine
33%
Wild Woods
33%
No matching quizzes found
Score Distribution
Percent of People with Each Score
Percentile by Number Answered
Your Score History
You have not taken this quiz